Najbardziej zanieczyszczone kraje świata. - Statystyki

Ogólne statystyki
  • Ten quiz został rozwiązany 165 razy
  • Średni wynik to 5 z 10
Statystyki odpowiedzi
Wskaźnik Zanieczyszczenia (AQI) Kraj % Poprawnych
51.9 Indie
93%
77.1 Bangladesz
71%
59 Pakistan
71%
40.7 Indonezja
52%
46.5 Afganistan
51%
43.5 Kirgistan
31%
46.6 Mongolia
30%
44.4 Oman
27%
44.3 Katar
21%
40.6 Bośnia & Hercegowina
6%
Nie znaleziono quizów pasujących do podanych kryteriów
Rozkład punktacji
Procent ludzi z każdym wynikiem
Percentyl według liczby udzielonych odpowiedzi
Twoja historia wyników
Nie rozwiązałeś tego quizu